Introduction to industrial organization (Record no. 4251)

MARC details
000 -LEADER
fixed length control field 00376nam a22001577a 4500
005 - DATE AND TIME OF LATEST TRANSACTION
control field 20160627143727.0
008 - FIXED-LENGTH DATA ELEMENTS--GENERAL INFORMATION
fixed length control field 160627b xxu||||| |||| 00| 0 eng d
041 ## - LANGUAGE CODE
Language code of text/sound track or separate title eng
082 ## - DEWEY DECIMAL CLASSIFICATION NUMBER
Item number 10482
100 ## - MAIN ENTRY--AUTHOR NAME
Personal name GHAN, P.T.
245 ## - TITLE STATEMENT
Title Introduction to industrial organization
260 ## - PUBLICATION, DISTRIBUTION, ETC. (IMPRINT)
Name of publisher A.V. Griha Poona
Year of publication 1962
300 ## - PHYSICAL DESCRIPTION
Number of Pages 191
650 ## - SUBJECT ADDED ENTRY--TOPICAL TERM
Topical Term Management
942 ## - ADDED ENTRY ELEMENTS (KOHA)
Koha item type Books
Holdings
Lost status Damaged status Collection code Home library Current library Shelving location Date acquired Cost, normal purchase price Full call number Accession Number Koha item type
    MANAGEMENT JRU Library JRU Library SHELF-71-E 27/06/2016 5.50 302.35 10482 Books